| 000 | 01129nam a22002177a 4500 | ||
|---|---|---|---|
| 001 | 44005 | ||
| 003 | UA-OsUOA | ||
| 005 | 20220818150521.0 | ||
| 007 | ta | ||
| 008 | 20091215b un ||||| |||| 00| 0 ukr d | ||
| 040 |
_aUA-OsUOA _bukr _cUA-OsUOA _dUA-OsUOA |
||
| 041 | _aukr | ||
| 080 | _a050 | ||
| 090 |
_a050 _bН35 |
||
| 245 |
_aНаціональна трибуна _b2007: 28 січня Ч.3(1199); 17 червня Ч. 23 (1219); 27 листопада Ч.45(1241); 2008: 8 червня Ч.22 (127); 22 червня Ч.24 (1269); 29 червня Ч. 25 (1270); 2009: 10 травня Ч.18(1312); 17 травня Ч.19(1313); 24 травня Ч.20(1314); 7 червня Ч.22(1316); 14 червня Ч.23(1317); 21 червня Ч.24(1318); 28 червня Ч.25(1319) |
||
| 650 | 7 |
_a050 Серійні публікації. Періодика галузі, Організація та інші типи поєднання (співробітництва) _2UDC |
|
| 942 |
_cNP _2udc |
||
| 955 | _a4 | ||
| 999 |
_c423855 _d423855 |
||